00281nam a2200109Ia 450000500170000000800410001710000190005824500510007726000190012830000110014765000130015820260326100026.0260326s9999||||xx |||||||||||||| ||und|| aRàfols, J.F. 0aArquitectura de la Edad Media /cJ.F. Ràfols bRamón Sopena a247 p. aHISTORIA